000 00446 a2200169 4500
020 _a0521682584
024 _a9780521682589
082 _a428.343931
090 _c1597
_d1597
100 _aJ. D. O' Connor
245 _aBetter English Pronunciation
_cJ. D. O' Connor
250 _aSecond Edition
260 _aUnited Kingdom
_bCambridge University Press
_c2007
300 _a150
500 _apaper cover
942 _aNBS
_cBK
_k428.343931 CON
999 _c344115
_d344115